000 00938nam a2200289 i 4500
001 000012595
003 DO-SdBNP
005 20250225090500.0
007 ta
008 091113t1979 dr 000 j spa d
040 _aDO-SdBNP
_bspa
_cBNPHU
_erda
041 _aspa
082 4 _aRD863.44
_bN789t
_222
100 _aNolasco Cordero, Francísco,
_d1932-2008
_938189
_eautor
_4aut.
245 1 0 _aTracaveto /
_cFrancisco Nolasco Cordero.
264 1 _aSanto Domingo, República Dominicana :
_bEditora Taller,
_c1979.
300 _a45 páginas ;
_c21 cm.
336 _atexto
_btxt
_2rdacontent
337 _asin mediación
_bn
_2rdamedia
338 _avolumen
_bnc
_2rdacarrier
500 _aIncluye datos biográficos del autor en la contracubierta.
590 _aInventariado, 2020/BT
650 4 _aCuento dominicano
_926903
650 4 _aLiteratura dominicana.
_967
910 _aValidado. Control de calidad EMS.
942 _2ddc
_cLBS1
999 _c12250
_d12250